000 01281cam a22002775a 4500
001 15599784
005 20160908114817.0
008 090121t2009 gw a frb 101 0 eng d
020 _a9783642004476
040 _aDLC
_cDLC
_dDLC
_dEG-ScBUE
_beng
082 0 4 _a006.3
_222
_bSOF
245 0 0 _aSoft computing based modeling in intelligent systems /
_c[editors] Valentina Emilia Balas, Janos Fodor, Annamaria R. Varkonyi-Koczy (eds.).
260 _aBerlin :
_bSpringer-Verlag,
_cc.2009.
300 _aviii, 203 p. :
_bill. ;
_c25 cm.
490 0 _aStudies in computational intelligence,
_x1860-949X ;
_vv. 196.
500 _a"... contains the extended works originally presented at the IEEE International Workshop SOFA 2005 and additional papers"--Pref.
504 _aIncludes bibliographical references and index.
650 0 _aSoft computing
_vCongresses.
_2BUEsh
_941090
650 0 _aIntelligent control systems
_xMathematical models
_vCongresses.
_2BUEsh
_941091
653 _bCOMSCI
_cSeptember2016
700 1 _aBalas, Valentina Emilia,
_eeditor.
700 1 _aFodor, J.
_q(Janos),
_eeditor.
700 1 _aVarkonyi-Koczy, Annamaria R.,
_eeditor.
711 2 _aIEEE International Workshop on Soft Computing Applications
_d(2005 :
_cSzeged, Hungary and Arad, Romania)
942 _2ddc
999 _c22345
_d22317